| 000 | 00407nam a2200181Ia 4500 | ||
|---|---|---|---|
| 008 | 240510s9999 xx 000 0 und d | ||
| 020 | _a0009555512682 | ||
| 041 | _asih | ||
| 082 | _a891.483 | ||
| 082 | _bS25 | ||
| 100 | _aSENEVIRATHNA, Jayakodi | ||
| 245 | 0 | _aSuduhamine | |
| 260 | _bColombo : Dayawansa Jayakodi Publishing | ||
| 260 | _c0 | ||
| 300 | _a182 p. | ||
| 942 | _2ddc | ||
| 942 | _cLBK | ||
| 999 |
_c28307 _d28307 |
||
| 945 |
_a1 _bMadushi Gamage _c1 _dMadushi Gamage |
||